000 00516nam a2200193 i 4500
001 148291
003 ES-MaACL
005 20230906202534.0
007 t|
008 070214s1973 sp a |||| | spa d
100 1 _aStorch, Rudolf A.
_9108324
245 1 0 _aIntroducción a la telefonía /
_cRudolf A. Storch.
250 _a2ª ed.
260 _a[Madrid] :
_bDossat,
_c1973.
300 _a219 p. :
_bil. ;
_c21 cm.
650 4 _aTeléfono.
_9151341
852 _aES-MaACL
_jE-7317
852 _aES-MaACL
_jE-7745
999 _c148291
_d148291